Puño y letra: movimiento social y comunicación gráfica en Chile

Guardat en:
Dades bibliogràfiques
Autor principal: Castillo Espinoza, Eduardo (Autor)
Format: Llibre
Idioma:espanyol
Publicat: Santiago Ocho Libros 2010
Edició:3a. ed
Matèries:
Etiquetes: Afegir etiqueta
Sense etiquetes, Sigues el primer a etiquetar aquest registre!

MARC

LEADER 00000cam a2200000 a 4500
001 UCF1383
003 CL-VaPUC
008 120629e20100500CL |||||||||||||||||spa|d
020 |a 9789563350081 
082 0 4 |a 741.674  |b CAS  |2 21 
100 0 |a Castillo Espinoza, Eduardo  |e author  |9 562926 
245 1 0 |a Puño y letra: movimiento social y comunicación gráfica en Chile 
250 |a 3a. ed 
300 |a 191 p 
942 |c BK 
945 |d 20120629 00:00:00  |a dcastane 
260 |a Santiago  |b Ocho Libros  |c 2010 
650 7 |a CARTELES  |2 CL-VaPUC  |9 327830 
650 0 |a Material visual  |9 327831 
650 0 |a Diseño gráfico  |9 266874 
650 0 |a Propaganda política   |9 435732 
650 0 |a Movimientos sociales  |9 315241 
583 |a last modification  |c 20131011 04:01:40  |k Rodrigo Vera 
999 |c 348191  |d 348189 
952 |0 0  |1 0  |4 0  |6 741_674000000000000_CAS_2010  |7 0  |8 X  |9 450112  |a FDOBUD  |b FDOBUD  |d 2019-11-22  |i 4834895  |o 741.674 CAS 2010  |p 4834895  |r 2019-11-22  |w 2019-11-22  |y BK_X  |k BUD 
952 |0 0  |1 0  |3 erb  |4 0  |6 741_674000000000000_CAS_2010  |7 0  |8 A  |9 450113  |a BIBARQ  |b BIBARQ  |d 2019-11-22  |i 5021367  |l 3  |o 741.674 CAS 2010  |p 5021367  |r 2025-01-20  |s 2024-06-04  |w 2019-11-22  |y BK  |z Catalogado en:20131018  |k ARQ